IFM Opac

Underwriting Decisions under Uncertainty (Record no. 7566)

MARC details
000 -LEADER
fixed length control field 00529nam a2200193Ia 4500
003 - CONTROL NUMBER IDENTIFIER
control field OSt
005 - DATE AND TIME OF LATEST TRANSACTION
control field 20220831102737.0
008 - FIXED-LENGTH DATA ELEMENTS--GENERAL INFORMATION
fixed length control field 220831b |||||||| |||| 00| 0 eng d
020 ## - INTERNATIONAL STANDARD BOOK NUMBER
International Standard Book Number 0566006928
040 ## - CATALOGING SOURCE
Transcribing agency IFM Library
082 ## - DEWEY DECIMAL CLASSIFICATION NUMBER
Classification number 368.012
100 ## - MAIN ENTRY--PERSONAL NAME
Personal name Ayling, David E
9 (RLIN) 8931
245 ## - TITLE STATEMENT
Title Underwriting Decisions under Uncertainty
260 ## - PUBLICATION, DISTRIBUTION, ETC.
Place of publication, distribution, etc. England:
Name of publisher, distributor, etc. Gower publishing,
Date of publication, distribution, etc. 1984
300 ## - PHYSICAL DESCRIPTION
Extent xx, 240p.:
Other physical details ill.; 23cm.
500 ## - GENERAL NOTE
General note Includes Bibliographical References
650 ## - SUBJECT ADDED ENTRY--TOPICAL TERM
Topical term or geographic name entry element Reinsurance
9 (RLIN) 8932
942 ## - ADDED ENTRY ELEMENTS (KOHA)
Koha item type Books
Source of classification or shelving scheme Dewey Decimal Classification
Suppress in OPAC No
Holdings
Withdrawn status Lost status Damaged status Not for loan Home library Current library Shelving location Date acquired Total Checkouts Full call number Barcode Date last seen Price effective from Koha item type Source of classification or shelving scheme
        IFM Main Campus Library IFM Main Campus Library Archival Collection 05/15/2015   368.012 AYL 0000001674 05/15/2015 02/19/2022 Books  
        IFM Main Campus Library IFM Main Campus Library General Collection 08/31/2022   368.012 AYL 0000001673 11/03/2015 11/03/2015 Books Dewey Decimal Classification